Estudio general de suelos de los sectores sur y suroeste del departamento de Cundinamarca / (Registro nro. 477)
[ vista simple ]
| 000 -CABECERA | |
|---|---|
| Campo de control | 01152cam a2200241 a 4500 |
| 005 - FECHA Y HORA DE LA ULTIMA TRANSACCION | |
| Campo de control | 20160419092332.0 |
| 008 - ELEMENTOS DE LONGITUD FIJA—INFORMACION GENERAL | |
| Campo de control | 950614s1985 ck ab r 00010 spa d |
| 040 ## - FUENTE DE CATALOGACIÓN | |
| Agencia catalogadora original | la |
| Agencia transcriptora | la |
| Agencia Modificadora | CO-BoIAVH |
| 041 0# - IDIOMA | |
| Código de idioma para texto/pista de sonido o título separado | Español |
| 044 ## - PAÍS DE PUBLICACIÓN | |
| País de publicación | Colombia |
| 082 04 - NUMERO DE CLASIFICACION DECIMAL DEWEY | |
| Número de clasificación | 631.44 |
| Número del ítem | I59e |
| 110 2# - ASIENTO PRINCIPAL--NOMBRE CORPORATIVO | |
| Nombre corporativo o de jurisdicción como elemento de entrada | Instituto Geográfico Agustín Codazzi |
| Lugar de la reunión | (Bogotá). |
| Unidad subordinad | , Subdirección Agrológica. |
| 9 (RLIN) | 65824 |
| 245 10 - MENCION DE TITULO | |
| Título | Estudio general de suelos de los sectores sur y suroeste del departamento de Cundinamarca / |
| Mención de responsabilidad | IGAC. |
| 260 ## - PUBLICACION, DISTRIBUCION, ETC. (PIE DE IMPRENTA) | |
| Lugar de publicación, distribución, etc. | Bogotá : |
| Nombre del editor, distribuidor, etc. | IGAC, |
| Fecha de publicación, distribución, etc. | 1985. |
| 300 ## - DESCRIPCION FISICA | |
| Extensión | 625 páginas : |
| Otros detalles físicos | ilustraciones y mapas ; |
| Dimensiones | 27 x 22 centímetros + |
| Material acompañante | 4 mapas plegables. |
| 505 2# - NOTA DE CONTENIDO | |
| Nota de contenido | Estudio general de suelos de los sectores sur y suroeste del departamento de Cundinamarca: leyenda. |
| 505 2# - NOTA DE CONTENIDO | |
| Nota de contenido | Mapa del estudio general de suelos de los sectores sur y suroeste del departamento de Cundinamarca Planchas 1, 2 y 3 |
| 650 14 - ASIENTO SECUNDARIO DE MATERIA - TERMINO TEMATICO | |
| Término temático o nombre geográfico como elemento de entrada | Suelos |
| Subdivisión geográfica | Cundinamarca (Colombia) |
| 9 (RLIN) | 65825 |
| 650 24 - ASIENTO SECUNDARIO DE MATERIA - TERMINO TEMATICO | |
| Término temático o nombre geográfico como elemento de entrada | Suelos |
| Subdivisión geográfica | Cundinamarca (Colombia) |
| Subdivisión general | Análisis. |
| 9 (RLIN) | 65826 |
| 650 24 - ASIENTO SECUNDARIO DE MATERIA - TERMINO TEMATICO | |
| Término temático o nombre geográfico como elemento de entrada | Suelos |
| Subdivisión geográfica | Cundinamarca (Colombia) |
| Subdivisión general | Clasificación. |
| 9 (RLIN) | 65827 |
| 650 24 - ASIENTO SECUNDARIO DE MATERIA - TERMINO TEMATICO | |
| Término temático o nombre geográfico como elemento de entrada | Suelos |
| Subdivisión geográfica | Cundinamarca (Colombia) |
| Subdivisión general | Descripción. |
| 9 (RLIN) | 65828 |
| 942 ## - ELEMENTOS ADICIONALES (KOHA) | |
| Sistema de clasificación | Dewey Decimal Classification |
| Tipo de ítem | Libro |
| Withdrawn status | Lost status | Sistema de Clasificación | Damaged status | No para préstamo | Colección | Inventariado | Ubicación Permanente | Ubicación actual | Fecha de adquisición | Fuente de Valor | Valor | Total Checkouts | Número topográfico | Inventario / Código de Barras | Date last seen | Ejemplar | Price effective from | Forma de adquisición | Tipo de material | Public note |
|---|---|---|---|---|---|---|---|---|---|---|---|---|---|---|---|---|---|---|---|---|
| Dewey Decimal Classification | General | Inventariado 2017 | Sala Fabio Quevedo | Sala Fabio Quevedo | 01/07/1998 | Instituto | 15000.00 | LB-631.44 I59e | 000670 | 04/12/2012 | Ej. 1 | 04/12/2012 | Libro | Incluye 4 mapas (CID-000671, CID-000672, CID-000673, CID-000674). |